Quizzes
Events
Quiz Creation
Community
Videos
Private Events
Remove Ads
Sign In
Join for FREE
Feedback
Dark Mode
Quiz Categories
Sports
Geography
Music
Movies
Television
Just For Fun
Miscellaneous
History
Literature
Language
Science
Gaming
Entertainment
Religion
Holiday
For Kids
Quiz Lab
Recent
Popular Today
Quiz Kudos Today
Editor Picks
Curator Picks
Quizzes by...
Day
Popularity
Type
Ratings
Length
Year
Community
Subscriptions
Recent Discussions
Orange Saloon
Badges
Playlists
Quests
Create
Leaderboards
Showdown
Live 5
Trivia Bingo
Activity
Puzzle Library
Sporcle Events
Private Events
Virtual Trivia
Globe League
Become a Host
Pub Owners
SporcleCon
Opinionation
Our Games
Videos
Blog
Mobile Apps
Partnerships
Remove Ads and Go Orange
Feedback
Movies
Disney
Marvel Cinematic Universe
Movie Resume
Movie Titles
Oscar
Actor
Actress
Director
Pixar
Role
Movie Quotes
Movie Characters
Box Office
Nominee
Best Picture
Star Wars
James Bond
Horror Movies
Movies
Disney
Marvel Cinematic Universe
Movie Resume
Movie Titles
Oscar
Actor
Actress
Director
Pixar
Role
Movie Quotes
Movie Characters
Box Office
Nominee
Best Picture
Star Wars
James Bond
Horror Movies
Random Quiz
Search Sporcle
×
Quiz Lab
Quiz Lab
Movies
James Bond
Type in answers that appear in a list
Type in answers that appear in a list
Classic
Best Score? Go Orange.
James Bond Movies Stats
Can you name the James Bond Movies?
By
ralphprete
3m
22 Questions
181 Plays
181 Plays
181 Plays
Comments
Comments
Give Quiz Kudos
Give Quiz Kudos
-
- Ratings
hide this ad
Replay
Link that replays current quiz
Next Quiz
Link to next quiz in quiz playlist
You Got
0%
They Got
Avg Score
77%
Avg Friend Score
Upgrade to see
Score Distribution
Jump to the score distribution portion of the page
Score
0/22
Timer
03:00
0
Plays Today
Actor
Movie
% Correct
Sean Connery
Dr. No
95.6%
Sean Connery
Goldfinger
92.3%
Daniel Craig
Casino Royale
91.7%
Sean Connery
From Russia With Love
89%
Pierce Brosnan
Goldeneye
87.8%
Daniel Craig
Quantum Of Solace
86.2%
Roger Moore
Octopussy
82.3%
Pierce Brosnan
Tomorrow Never Dies
82.3%
Pierce Brosnan
Die Another Day
82.3%
Sean Connery
Thunderball
80.1%
George Lazenby
On Her Majesty's Secret Service
80.1%
Actor
Movie
% Correct
Roger Moore
Moonraker
79.6%
Pierce Brosnan
The World Is Not Enough
76.8%
Roger Moore
The Man With the Golden Gun
76.2%
Sean Connery
Diamonds Are Forever
75.1%
Sean Connery
You Only Live Twice
73.5%
Roger Moore
Live And Let Die
72.4%
Roger Moore
The Spy Who Loved Me
71.3%
Roger Moore
A View To A Kill
64.1%
Timothy Dalton
The Living Daylights
64.1%
Timothy Dalton
Licence To Kill
58.6%
Roger Moore
For Your Eyes Only
53%
Quiz Playlist
Details
Report
Send in Message
Add To Playlist
Classic:
Type in answers that appear in a list
Last Updated: Feb 16, 2017
Quiz Scoreboard
CHALLENGE
Sign Up to Join the Scoreboard
Show All
Scores
Hide
Comments
May contain spoilers
Recently Published
Pick 6: Fruits
by JohnFran
Miscellaneous
15s
Click the 1999 NBA Draft
by nibperrychub
Sports
2m
Alphabetical 'K' Countries by Flag Minefield
by ylime102
Geography
3m
More to Explore
Quiz From the Vault
Featured Blog Post
15 Basketball Trivia Facts You Can Be March Mad About
hide this ad
You Might Also Like...
Tags
Actor Quiz
James Bond Quiz
bond
same
Today's Top Quizzes in Movies
Browse Movies
hide this ad
Today's Top Quizzes in James Bond
Browse James Bond
Top Contributed Quizzes in Movies
1
Pixar Reveal II
2
How Long Is the Movie Title?
3
Pixar Reveal III
4
10 Quentin Tarantino Movies in Order
5
Adjectives in 00s Movies
6
Pixar Reveal IV
7
Adjectives in 10s Movies
8
Movie Stars Gone to the Dogs
9
Pixar Reveal V
10
Adjectives in 90s Movies
Explore More
Trending Topics
Marvel
NBA
Disney
Harry Potter
Anime
Crossword
Kpop
Song
Puzzle
NFL
Country
WWE
The Office
Soccer
Pokémon
hide this ad
More By:
ralphprete
Quiz
Plays
Rating
Category
Featured
Created
Knicks Starting Five
369
2.25
Sports
Feb 6, 2011
James Bond Movies
181
2.75
Movies
Feb 16, 2010
Stormbreaker Characters
104
4.00
Literature
Feb 17, 2010
James Bond Actors
103
4.67
Movies
Feb 27, 2011
Go to Creator's Profile
Score Distribution
Quiz Creator Spotlight
ralphprete
Follow
Send a Message
Quizzes Created
-
Created Quiz Play Count
-
More By This Creator
Popular Quizzes Today
1
Countries of Asia Without Outlines Minefield
2
Find the US States - No Outlines Minefield
3
Pick 6: Fruits
4
Alphabetical 'K' Countries by Flag Minefield
5
The Countries of the World
6
Click the 1999 NBA Draft
7
Match the Book to the Film X
8
Find the US States
More Movies Quizzes
Bond Actors by Film
Published
Trending Quizzes
Pick 6: Harry Potter
Pick 6: Golfers
Donkey Kong Minefield
DC Extended Universe: Oldest to Newest
Multiplication Danger Zone
Recently Updated
Women's Final Four Teams by Year
bhenderson79
Presidents Quartet II
eogle
Anything But Clue(do)
eogle
Anything But Oceanian Capitals
eogle
Anything But 7
eogle
Anything But Thing
eogle
Word Ladder: February 29
pecheneg
Song Title Questions
pecheneg
Women's NCAA Tournament #1 Seeds
pecheneg
Celebrity Mug Shots
pecheneg
Trending Topics
Harry Potter
NBA
Disney
Marvel
Crossword
Anime
Kpop
Soccer
Puzzle
Song
WWE
NFL
Pokémon
The Office
Country
Your Account Isn't Verified!
In order to create a playlist on Sporcle, you need to verify the email address you used during registration. Go to your
Sporcle Settings
to finish the process.
Report this User
Report this user for behavior that violates our
Community Guidelines
.
Details:
Send Report
Go to the Sporcle.com Mobile Site →
Comments